Top 50 countries with the largest cities - Statistics

General Stats
  • This quiz has been taken 566 times
  • The average score is 39 of 50
Answer Stats
City Size Country % Correct
23,416,000 China
98%
23,724,000 United States
98%
24,998,000 India
96%
37,750,000 Japan
96%
10,236,000 United Kingdom
94%
20,365,000 Brazil
93%
20,063,000 Mexico
93%
16,170,000 Russia
93%
10,858,000 France
91%
6,456,000 Canada
90%
6,679,000 Germany
90%
30,091,000 Indonesia
90%
14,122,000 Argentina
89%
4,588,000 Australia
88%
15,600,000 Egypt
88%
5,257,000 Italy
87%
23,480,000 South Korea
87%
6,171,000 Spain
87%
22,123,000 Pakistan
86%
8,432,000 South Africa
86%
13,287,000 Turkey
85%
13,532,000 Iran
84%
13,123,000 Nigeria
84%
14,998,000 Thailand
82%
8,991,000 Colombia
81%
10,750,000 Peru
81%
5,666,000 Saudi Arabia
80%
15,669,000 Bangladesh
79%
11,587,000 D.R Congo
79%
8,957,000 Vietnam
79%
6,225,000 Chile
78%
6,625,000 Iraq
77%
7,088,000 Malaysia
77%
24,123,000 Philippines
75%
3,376,000 Ethiopia
72%
4,738,000 Kenya
69%
3,933,000 UAE
67%
4,219,000 Tanzania
66%
7,438,000 Taiwan
65%
3,484,000 Greece
64%
5,624,000 Singapore
64%
4,800,000 Myanmar
61%
5,125,000 Sudan
61%
4,635,000 Afghanistan
60%
5,899,000 Angola
54%
4,145,000 Ghana
54%
3,560,000 Syria
53%
4,800,000 Ivory Coast
40%
3,520,000 Senegal
40%
4,283,000 Kuwait
30%
No matching quizzes found
Score Distribution
Percent of People with Each Score
Percentile by Number Answered
Your Score History
You have not taken this quiz